Nederlandse Atletiekhelden: Herken Jij Ze? (Onmogelijk) Deel 1 - Statistieken

Algemene statistieken
  • Deze quiz is 8 keer genomen
  • De gemiddelde score is 19 van 72
Antwoordstatistieken
Foto Hint Antwoord % Correct
200m Cinsi Leerdam
100%
400m Hurdles Quinten de Vos
100%
800m Vasco Mosselman
100%
110m Hurdles Eljahro Tyrone Philipsen
67%
Long Jump Felicia Felter
67%
1500m Ioann Lobles
67%
110m Hurdles Jim Putter
67%
800m, 1500m Laila Yahyaoui
67%
100m Levi Steenvoorden
67%
400m Lies Kneppers
67%
1500m Loes Kempe
67%
800m Maud de Jong
67%
Decathlon Mikai Snoek
67%
100m Hurdles Milou van den Berg
67%
100m, 200m Niels Karel
67%
Heptathlon Ruby Jansen
67%
400m Hurdles Zoë van Gils
67%
100m Alyshia Kavehercy
33%
1500m Amina Maatoug
33%
200m Bente Jacobs
33%
400m Hurdles Daan Kneppers
33%
Discus Throw Danara Dewi Stoppels
33%
Discus Throw Emma le Blansch
33%
800m Felien Wibbelink
33%
100m Hurdles Fenna Achterberg
33%
400m Hurdles Fergus Tabor
33%
3000m Kaate Mulders
33%
Javelin Throw Lisanne Schol
33%
400m Maureen Ellsworth
33%
10000m Noah Schutte
33%
400m Hurdles Raiza van der Krogt
33%
400m, 800m Rens Altorf
33%
400m Hurdles Sep de Jong
33%
400m Hurdles Tijm Oosterom
33%
Javelin Throw Tristen Strooper
33%
100m Wouter Brus
33%
Marathon Anne Luijten
0%
3000m, 5000m, 10000m Bart van Nunen
0%
400m Bianca Baak
0%
1500m, 3000m, 5000m Bieke Schipperen
0%
1500m Bram Anderiessen
0%
1500m Britt Ummels
0%
1500m Charlene Robertson
0%
Discus Throw Corinne Nugter
0%
800m Danaid Prinsen
0%
Shot Put, Hammer Throw Dennis Hemelaar
0%
400m Eva Hovenkamp
0%
1500m Femke Rosbergen
0%
Marathon Filmon Tesfu
0%
100m Giovanni Codrington
0%
Heptathlon Hanna van Baast
0%
3000m, 5000m Inge Lugtenberg
0%
3000m Steeple Chase Irene van der Reijken
0%
Marathon Jacelyn Gruppen
0%
10000m Jasmijn Lau
0%
3000m Jennifer Gulikers
0%
Discus Throw Jet van der Heijden
0%
1500m, 3000m Juan Zijderlaan
0%
100m, 200m Leonie van Vliet
0%
800m Lieke Hoogsteen
0%
1500m Marit Griep
0%
Discus Throw Merijn Coenen
0%
Steeple Chase Nathan Houwaard
0%
100m Hurdles Sharona Bakker
0%
10000m Silke Jonkman
0%
5000m Sophie van Gurp
0%
1500m, 3000m Susan Krumins
0%
5000m Suzanne Harland
0%
200m Tessa van Schagen
0%
800m Thijmen Kupers
0%
400m Hurdles Vanessa Mercera
0%
5000m Wouter van den Akker
0%
Geen overeenkomende quizzen gevonden
Scoreverdeling
Procent van Mensen met Elke Score
Percentiel versus Aantal Correcte Antwoorden
Uw Scoregeschiedenis
U heeft deze quiz nog niet genomen